| 000 | 01070cam a22003135a 4500 | ||
|---|---|---|---|
| 001 | 11959470 | ||
| 005 | 20240818093023.0 | ||
| 008 | 000331r20122002riua frb 000 0 eng d | ||
| 010 | _a 00038112 | ||
| 020 | _a082182628X (softcover : alk. paper) | ||
| 040 |
_aDLC _beng _cDLC _dDLC _dEG-ScBUE |
||
| 082 | 0 | 4 |
_a516.352 _bWAL _222 |
| 100 | 1 |
_aWalker, Judy L., _d1969- |
|
| 245 | 1 | 0 |
_aCodes and curves / _cJudy L. Walker. |
| 260 |
_aProvidence : _bAmerican Mathematical Society : _bInstitute for Advanced study, _c2012. |
||
| 300 |
_axii, 68 p. : _bill. ; _c22 cm. |
||
| 490 | 0 |
_aStudent mathematical library, _x1520-9121 ; _vv. 7. _aIAS/Park City mathematical subseries |
|
| 500 | _aReprint of the 2002 ed. | ||
| 504 | _aBibliography : p. 65-66. | ||
| 650 | 7 |
_aCoding theory. _2BUEsh |
|
| 650 | 7 |
_aCurves, Algebraic. _2BUEsh |
|
| 651 | _2BUEsh | ||
| 653 |
_bBUSADM _cFebruary2017 |
||
| 655 |
_vReading book _934232 |
||
| 942 |
_2ddc _hRDA-MOD |
||
| 999 |
_c24126 _d24098 |
||
| 336 |
_2rdacontent _atext _btxt |
||
| 337 |
_aunmediated _2rdamedia _bn |
||
| 338 |
_avolume _bnc _2rdacarrier |
||